Grace walk / (Record no. 6400)

MARC details
000 -LEADER
fixed length control field 00679cam a2200253 a 4500
001 - CONTROL NUMBER
control field 31753604
003 - CONTROL NUMBER IDENTIFIER
control field OCoLC
005 - DATE AND TIME OF LATEST TRANSACTION
control field 20190116190937.0
008 - FIXED-LENGTH DATA ELEMENTS--GENERAL INFORMATION
fixed length control field 941213s1995 oru 000 0deng
010 ## - LIBRARY OF CONGRESS CONTROL NUMBER
LC control number 94047485
020 ## - INTERNATIONAL STANDARD BOOK NUMBER
International Standard Book Number 1565073215
020 ## - INTERNATIONAL STANDARD BOOK NUMBER
International Standard Book Number 9781565073210
035 ## - SYSTEM CONTROL NUMBER
System control number (OCoLC)31753604
040 ## - CATALOGING SOURCE
Original cataloging agency DLC
Transcribing agency DLC
Modifying agency BAKER
-- BTCTA
-- OCLCG
-- CQU
-- BSC
082 ## - DEWEY DECIMAL CLASSIFICATION NUMBER
Classification number 248.4
Item number M478C
092 ## - LOCALLY ASSIGNED DEWEY CALL NUMBER (OCLC)
Classification number 248.4
Item number M176g, 1995
100 1# - MAIN ENTRY--PERSONAL NAME
Personal name McVey, Steve,
Dates associated with a name 1954-
245 10 - TITLE STATEMENT
Title Grace walk /
Statement of responsibility, etc. Steve McVey.
260 ## - PUBLICATION, DISTRIBUTION, ETC.
Place of publication, distribution, etc. Eugene, Or. :
Name of publisher, distributor, etc. Harvest House Publishers,
Date of publication, distribution, etc. c1995.
300 ## - PHYSICAL DESCRIPTION
Extent 188 p. ;
Dimensions 21 cm.
600 10 - SUBJECT ADDED ENTRY--PERSONAL NAME
Personal name McVey, Steve,
Dates associated with a name 1954-
650 #0 - SUBJECT ADDED ENTRY--TOPICAL TERM
Topical term or geographic name entry element Christian life.
942 ## - ADDED ENTRY ELEMENTS (KOHA)
Source of classification or shelving scheme Dewey Decimal Classification
Koha item type Books
Holdings
Withdrawn status Lost status Source of classification or shelving scheme Damaged status Not for loan Collection code Home library Current library Shelving location Date acquired Cost, normal purchase price Total Checkouts Full call number Barcode Date last seen Price effective from Koha item type
    Dewey Decimal Classification     Non-fiction Harvest Mission College Harvest Mission College General Stacks 16.01.2019 1350.00   248.4 M478C 006919 16.01.2019 16.01.2019 Books
    Dewey Decimal Classification     Non-fiction Harvest Mission College Harvest Mission College General Stacks 16.01.2019 1350.00   248.4 M478G 011520 17.02.2021 16.01.2019 Books

OPAC Designed and Maintained by HMC Library Team.
Copyright © HMC Library,Greater Noida, UP.
For any Suggestions/Query Contact library via Email:libhmc@gmail.com